00655nam a22002177a 450000500170000001000130001702000230003003500130005303700160006604000120008208200160009410000180011024501090012825000110023726000400024827000700028830000210035865000240037965000180040370000160042120170124105959.0 aA-998069 a8177330020c300.00 aA-998069 bCen Lib/Ret aDPLbEN a343.04bAHU aAhuja, Girish aBharat's professional approach to direct taxes : cby Girish Ahuja [and] Ravi Gupta blaw and practice / a2nd ed aNew Delhi bBharat Law House c2000 aT-1/95, Mangolpuri Industrial Area, Phase-1, bNew Delhi e110083 a1390p.c23cm(Hb) aIncome tax zIndia  aFundamentals  aGupta, Ravi